000 00963cab a2200265 4500
001 ABS46324
008 090401t1992 xxu||||| |||| 00| 0 eng d
035 _a(Sirsi) u57803
041 _aeng
100 _aPowell-Smith, V.
245 2 _aA complex game of consequences
260 _c1992
350 _a0
490 _aContract Journal
_v363(5878) 28 May 1992, 17(1)
520 _aDiscusses the caselaw surrounding the meaning of `consequential loss`, referring to "Beaco Ltd v Alfa Laval Co Ltd", "Croudace Construction Ltd v Cawoods Concrete Products Ltd" and "Millar`s Machinery Co Ltd v Day Way & Sons".
650 _aBEACO V ALFA LAVAL
650 _aBUILT ENVIRONMENT-BUILDING CONTRACT FORMS
650 _aCLAIMS
650 _aCONSEQUENTIAL DAMAGES
650 _aCONSEQUENTIAL LOSS
650 _aCROUDACE CONSTRUCTION V CAWOODS CONCRETE PRODUCTS
690 _aBUILT ENVIRONMENT-BUILDING CONTRACT FORMS
942 _n0
948 _c04/03/1997
999 _c35288
_d35288